000 00448nam a2200181Ia 4500
008 131103s9999 xx 000 0 und d
020 _a330258516
040 _aLoreto College
041 _aEnglish
082 _aF/HIG
_bLCBED/8251
100 _aHiggins, Jack
245 _aDay of judgement
_cJack Higgins
260 _aLondon
_bCollins
_c1978
300 _a216p.
_c 18cm.
650 _aEnglish fiction
850 _aLCBED/F/HIG
942 _cBK
999 _c32435
_d82914